Le donne e la psicoanalisi /

Salvato in:
Dettagli Bibliografici
Altri autori: Stefani, Silvia, Miller, Jean Baker
Natura: Libro
Lingua:italiano
Pubblicazione: Torino : Boringhieri, 1976
Serie:Saggi
Soggetti:
Tags: Aggiungi Tag
Nessun Tag, puoi essere il primo ad aggiungerne!!

MARC

LEADER 00000nam a22000007i 4500
001 IT\ICCU\SBL\0054860
003 ItRI
005 20260115232420.0
008 910930s1976 it |||||| ||||| |||||c
015 |2 IT  |a 788830 
040 |b ita  |c importazione bologna sebina 
041 7 |a ita  |2 ISO-639-2 
082 |a 150.195  |9 PSICANALISI  |2 18 
130 0 |a Psychoanalysis and women .  |3 IT\ICCU\SBL\0054861 
245 0 3 |a Le donne e la psicoanalisi /  |c a cura di Jean Baker Miller. 
260 |a Torino :  |b Boringhieri,  |c 1976 
300 |a 286 p. ;  |c 22 cm 
500 |a Traduzione di Silvia Stefani. 
650 7 |a Donna  |x Psicanalisi 
700 1 |a Stefani, Silvia  |0 IT\ICCU\CFIV\007726 
700 1 |a Miller, Jean Baker  |0 IT\ICCU\TO0V\083448 
830 0 |a Saggi  |0 IT\ICCU\CFI\0005167 
942 |2 ddc  |c BK  |n 0 
952 |0 0  |1 0  |4 0  |6 DOC_155_633000000000000_BAK  |7 0  |9 25474  |a BO  |b BO  |d 2026-01-15  |i 2244  |l 0  |o DOC 155.633 BAK  |p BO2244  |r 2026-01-15 23:24:20  |w 2026-01-15  |x [Sebina 5] [1 v.]  |y BK  |z 1 v. 
999 |c 21628  |d 21628